000 00270nam a22001217a 4500
008 170704b xxu||||| |||| 00| 0 eng d
041 _aeng
080 _a82
100 _a22
101 _aGJL
245 _aBARTLETT'S FAMILIAR QUOTATIONS
_cBARTLETT, J
942 _2udc
_cBK
999 _c19881
_d19881